Deti v zelenom

Bibliographic Details
Main Authors: Šurinová, Marta, 1944- (Author), Cpin, Peter, 1947- (Author)
Format: Article
Language:Slovak
Subjects:

MARC

LEADER 00000nab a2200000 a 4500
001 vtls008306718
003 SK-MaSNL
005 20260309145538.0
008 051102 2005 xo m 000 0 slo
015 |a SNBRB2005/11 
038 |a KEKMK 
040 |a KEKMK  |b slo  |c KEKMK  |e AACR2 
041 0 |a slo 
044 |a xo  |c SK 
080 |a 502  |2 UDC-MRF-SK 
080 |a «321/324»  |2 1981 
100 1 |a Šurinová, Marta,  |d 1944-  |4 aut  |9 182889 
245 1 0 |a Deti v zelenom  |c Marta Šurinová ; Peter Cpin 
500 |a Rubrika obsahuje 4 príspevky 
650 0 7 |a príroda  |2 kekmk  |9 3813 
650 0 7 |a ročné obdobia   |2 kekmk  |9 110676 
700 1 |a Cpin, Peter,  |d 1947-  |4 aut  |9 98398 
740 0 2 |a September 
740 0 2 |a Netýkavka 
740 0 2 |a Letáčik 
740 0 2 |a Kulíky 
773 0 |t Slniečko  |g Roč. 60, č.1 september 2005 ,s.10-11. 
852 |a KEKMK  |b KIS3G 
999 |c 3365969  |d 3367899